| 000 | 00570nmm a2200157Ia 4500 | ||
|---|---|---|---|
| 008 | 251105s9999||||xx |||||||||||||||||und|| | ||
| 041 | _aspa | ||
| 100 | _aMallavibarrena Martínez de Castro, Raquel (ed.) | ||
| 245 | 0 | _aEscuela de educación matemática 'Miguel de Guzmán': enseñar divulgando | |
| 264 |
_a[Madrid, España] : _bMinisterio de Educación, Cultura y Deporte de España, _c2012 |
||
| 300 | _a116 páginas | ||
| 490 | _aAulas de verano (Serie Ciencias) | ||
| 650 | _aEducation | ||
| 856 | _uhttps://public.digitaliapublishing.com/a/17808 | ||
| 942 | _cCF | ||
| 999 |
_c98451 _d98451 |
||